[Event "Asian Continental Blitz op (Women) 19th"]
[Site "Delhi"]
[Date "2022.11.03"]
[Round "8"]
[White "Ranasinghe, Sachini D"]
[Black "Velieva, Hurma"]
[Result "1-0"]
[WhiteElo "1671"]
[BlackElo "2003"]
[PlyCount "57"]
[EventDate "2022.11.03"]
[EventType "swiss (blitz)"]
[EventRounds "9"]
[EventCountry "IND"]
[SourceTitle "EXT 2024"]
[Source "ChessBase"]
[SourceDate "2023.10.10"]
[SourceVersion "1"]
[SourceVersionDate "2023.10.10"]
[SourceQuality "1"]

1. d4 d5 2. e3 Nf6 3. Bd3 e6 4. Nd2 c5 5. c3 Nc6 6. f4 cxd4 7. exd4 Bd6 8. Ne2 a6 9. 0-0 0-0 10. Ng3 b5 11. Nf3 b4 12. Ne5 Bb7 13. Bd2 Rc8 14. Kh1 bxc3 15. bxc3 Na5 16. Qe2 Nc4 17. Nxc4 dxc4 18. Bxc4 Qc7 19. Bd3 Nd5 20. Qe4 g6 21. Qe1 Nxf4 22. Bxf4 Bxf4 23. Ne4 f5 24. Nc5 Bd6 25. Qxe6+ Kg7 26. Nxb7 Bxh2 27. Nc5 Rf7 28. Qd5 Bd6 29. Ne6+ 1-0

[Event "Asian Continental Blitz op (Women) 19th"]
[Site "Delhi"]
[Date "2022.11.03"]
[Round "9"]
[White "Velieva, Hurma"]
[Black "Harshini, A."]
[Result "1-0"]
[WhiteElo "2003"]
[BlackElo "2149"]
[PlyCount "89"]
[EventDate "2022.11.03"]
[EventType "swiss (blitz)"]
[EventRounds "9"]
[EventCountry "IND"]
[SourceTitle "EXT 2024"]
[Source "ChessBase"]
[SourceDate "2023.10.10"]
[SourceVersion "1"]
[SourceVersionDate "2023.10.10"]
[SourceQuality "1"]

1. e4 e5 2. Nf3 Nc6 3. Bc4 Bc5 4. c3 Nf6 5. d3 a6 6. a4 d6 7. 0-0 h6 8. h3 g5 9. d4 Bb6 10. dxe5 dxe5 11. Qxd8+ Kxd8 12. Bxf7 Nxe4 13. Nbd2 Nxd2 14. Bxd2 e4 15. Nxg5 Ke7 16. Bd5 hxg5 17. Bxg5+ Kf8 18. Bxe4 Be6 19. Rad1 Rh5 20. h4 Bc5 21. Rfe1 Bb3 22. Rd7 Ne7 23. Rxc7 Bd6 24. Rxb7 Bxa4 25. Rxe7 Bxe7 26. Bxe7+ Kxe7 27. Bxa8+ Kd6 28. g3 Bd7 29. f4 Bg4 30. Kf2 Rb5 31. b4 a5 32. Bf3 Be6 33. bxa5 Rxa5 34. g4 Ra2+ 35. Kg3 Ra3 36. Re3 Ra1 37. h5 Rg1+ 38. Kh4 Ra1 39. h6 Bg8 40. f5 Ra7 41. g5 Ra4+ 42. Kh5 Ra5 43. Bg4 Rc5 44. g6 Ra5 45. h7 1-0

[Event "Asian Continental Blitz op (Women) 19th"]
[Site "Delhi"]
[Date "2022.11.03"]
[Round "6"]
[White "Velieva, Hurma"]
[Black "Isha, Sharma"]
[Result "0-1"]
[WhiteElo "2003"]
[BlackElo "2234"]
[PlyCount "150"]
[EventDate "2022.11.03"]
[EventType "swiss (blitz)"]
[EventRounds "9"]
[EventCountry "IND"]
[SourceTitle "EXT 2024"]
[Source "ChessBase"]
[SourceDate "2023.10.10"]
[SourceVersion "1"]
[SourceVersionDate "2023.10.10"]
[SourceQuality "1"]

1. e4 e5 2. Nc3 Nf6 3. Bc4 c6 4. d4 exd4 5. Qxd4 d6 6. Bg5 Be7 7. Nf3 h6 8. Bf4 Nh5 9. Be3 0-0 10. 0-0-0 Qa5 11. g4 Bxg4 12. Be2 Bf6 13. e5 Bxf3 14. exf6 Bxe2 15. Nxe2 Nxf6 16. Bxh6 Qe5 17. Rhg1 Qxd4 18. Rxd4 Ne8 19. Rdg4 g6 20. Bxf8 Kxf8 21. h4 Na6 22. Nf4 Nc5 23. h5 gxh5 24. Nxh5 Ne6 25. Rg8+ Ke7 26. Re1 Rd8 27. f4 Kd7 28. f5 N6c7 29. Ng7 Nxg7 30. Rxg7 Rf8 31. Rh1 Ke7 32. Rhh7 Kf6 33. c4 Ne8 34. Rg1 Kxf5 35. Rh5+ Ke6 36. Re1+ Kd7 37. Rh3 Nc7 38. Rd3 Ne6 39. b4 b6 40. Red1 Kc7 41. Rxd6 Rd8 42. Rxd8 Nxd8 43. Rf1 Kd7 44. Kd2 Ke6 45. Ke3 f5 46. Kf4 Kf6 47. Rd1 Ne6+ 48. Kf3 Ke5 49. Re1+ Kf6 50. Rd1 Ke5 51. Rd7 Nd4+ 52. Kf2 a5 53. Re7+ Kd6 54. Re8 axb4 55. Ke3 c5 56. Rf8 Ke5 57. Rb8 f4+ 58. Kf2 Ke4 59. Rxb6 Kd3 60. Rf6 f3 61. Rf4 Kxc4 62. Ke3 Kc3 63. Rf8 c4 64. Rc8 Nc2+ 65. Kxf3 Na3 66. Ke2 Kb2 67. Rb8 Nc2 68. Rc8 c3 69. Kd3 Ne1+ 70. Ke2 c2 71. Kxe1 c1Q+ 72. Rxc1 Kxc1 73. Ke2 Kb2 74. Kd2 Kxa2 75. Kc1 b3 0-1

[Event "Asian Continental op (Women) 19th"]
[Site "Delhi"]
[Date "2022.10.28"]
[Round "3"]
[White "Velieva, Hurma"]
[Black "Enkhtuul, Altanulzii"]
[Result "0-1"]
[WhiteElo "2003"]
[BlackElo "2295"]
[PlyCount "68"]
[EventDate "2022.10.26"]
[EventType "swiss"]
[EventRounds "9"]
[EventCountry "IND"]
[SourceTitle "EXT 2024"]
[Source "ChessBase"]
[SourceDate "2023.10.10"]
[SourceVersion "1"]
[SourceVersionDate "2023.10.10"]
[SourceQuality "1"]

1. e4 c6 2. d4 d5 3. Nc3 dxe4 4. Nxe4 Nf6 5. Nxf6+ exf6 6. c3 Bf5 7. Bf4 Bd6 8. Bxd6 Qxd6 9. Bd3 Bxd3 10. Qxd3 0-0 11. Ne2 Nd7 12. 0-0 Rae8 13. Ng3 g6 14. Rfe1 f5 15. Qf3 Re6 16. Rxe6 Qxe6 17. Qe2 Qd5 18. Qe7 Kg7 19. Re1 Nf6 20. Qxb7 f4 21. Re5 Qxa2 22. Nf1 Qb1 23. Qxc6 Qxb2 24. Re7 a5 25. Ra7 a4 26. Ra6 Ng4 27. Qf3 Re8 28. Qxg4 Qb5 29. Qxf4 Qxa6 30. Ne3 a3 31. Qg5 a2 32. Nf5+ Kh8 33. h3 a1Q+ 34. Kh2 gxf5 0-1

[Event "Asia-chT blitz (Women) 5th"]
[Site "Ashkhabad"]
[Date "2017.09.27"]
[Round "1.2"]
[White "Hoang, Thi Bao Tram"]
[Black "Velieva, Hurma"]
[Result "1-0"]
[WhiteElo "2408"]
[BlackElo "2056"]
[PlyCount "57"]
[EventDate "2017.09.27"]
[EventType "team-swiss (blitz)"]
[EventRounds "5"]
[EventCountry "TKM"]
[SourceTitle "EXT 2018"]
[Source "ChessBase"]
[SourceDate "2017.10.13"]
[SourceVersion "1"]
[SourceVersionDate "2017.10.13"]
[SourceQuality "1"]
[WhiteTeam "Vietnam"]
[BlackTeam "Turkmenistan"]
[WhiteTeamCountry "VIE"]
[BlackTeamCountry "TKM"]

1. d4 Nf6 2. Nf3 e6 3. Bf4 b6 4. Nbd2 Bb7 5. e3 c5 6. Bd3 Nc6 7. 0-0 Be7 8. c3 0-0 9. Qe2 d5 10. Rad1 h6 11. h3 Rc8 12. Bh2 Bd6 13. Ne5 Qe7 14. f4 Rfd8 15. Bg3 c4 16. Bb1 b5 17. Bh4 b4 18. Ng4 Kh8 19. Nxf6 gxf6 20. Qh5 Kg7 21. e4 Na5 22. e5 Qc7 23. Bxf6+ Kf8 24. exd6 Rxd6 25. Be5 bxc3 26. bxc3 Ke7 27. f5 Rg8 28. fxe6 Nc6 29. Qxf7+ 1-0

[Event "Poti op 12th"]
[Site "Poti"]
[Date "2017.07.19"]
[Round "6"]
[White "Velieva, Hurma"]
[Black "Galoyan, Levon"]
[Result "1-0"]
[WhiteElo "2027"]
[BlackElo "2257"]
[PlyCount "85"]
[EventDate "2017.07.14"]
[EventType "swiss"]
[EventRounds "9"]
[EventCountry "GEO"]
[SourceTitle "CBM 179 Extra"]
[Source "ChessBase"]
[SourceDate "2017.08.23"]
[SourceVersion "1"]
[SourceVersionDate "2017.08.23"]
[SourceQuality "1"]

1. e4 c5 2. Nf3 Nc6 3. d4 cxd4 4. Nxd4 Nf6 5. Nc3 e5 6. Ndb5 d6 7. Bg5 a6 8. Na3 b5 9. Nd5 Be7 10. Bxf6 Bxf6 11. c3 Rb8 12. Nc2 0-0 13. Be2 Bg5 14. Nce3 g6 15. 0-0 a5 16. Kh1 Be6 17. Qd3 Rb7 18. Rad1 Bh6 19. Qc2 f5 20. f4 Qc8 21. a4 fxe4 22. fxe5 Rxf1+ 23. Rxf1 Nxe5 24. Qxe4 Bxe3 25. Nxe3 Bc4 26. Bxc4+ bxc4 27. Qd5+ Rf7 28. Rxf7 Nxf7 29. Nxc4 Qe8 30. h3 Qe1+ 31. Kh2 Qf1 32. Qd4 Qe2 33. Nxd6 Nxd6 34. Qxd6 Qxb2 35. c4 Qb4 36. c5 Kg7 37. Qe5+ Kh6 38. c6 Qc4 39. c7 Qc1 40. Qd6 Kg7 41. Qe7+ Kh6 42. Qf8+ Kh5 43. c8Q 1-0

[Event "Tashkent zt 3.4 (Women)"]
[Site "Tashkent"]
[Date "2017.06.19"]
[Round "4"]
[White "Velieva, Hurma"]
[Black "Kurbonboeva, Sarvinoz"]
[Result "0-1"]
[WhiteElo "2005"]
[BlackElo "2209"]
[PlyCount "72"]
[EventDate "2017.06.16"]
[EventType "swiss"]
[EventRounds "9"]
[EventCountry "UZB"]
[SourceTitle "CBM 179 Extra"]
[Source "ChessBase"]
[SourceDate "2017.08.23"]
[SourceVersion "1"]
[SourceVersionDate "2017.08.23"]
[SourceQuality "1"]

1. e4 c5 2. Nf3 g6 3. d4 cxd4 4. Nxd4 Nc6 5. Nc3 Bg7 6. Be3 Nf6 7. Bc4 0-0 8. Bb3 d6 9. f3 Bd7 10. Qd2 Na5 11. Bh6 Bxh6 12. Qxh6 e5 13. Nde2 b5 14. Nd5 Nxb3 15. Nxf6+ Qxf6 16. axb3 b4 17. h4 Qe7 18. Qd2 a5 19. c4 bxc3 20. bxc3 Rfb8 21. h5 Be6 22. hxg6 fxg6 23. Nc1 Qc7 24. Kf2 Qc5+ 25. Kg3 d5 26. exd5 Bxd5 27. b4 axb4 28. Rxa8 Rxa8 29. cxb4 Qc6 30. Rd1 Bc4 31. Qd7 Qf6 32. Qc7 Be6 33. Ne2 Rc8 34. Qd6 Kg7 35. Rd2 Rc4 36. b5 Qh4# 0-1

[Event "Liberec op 17th"]
[Site "Liberec"]
[Date "2017.03.04"]
[Round "9"]
[White "Duda, Antonin"]
[Black "Velieva, Hurma"]
[Result "0-1"]
[WhiteElo "2079"]
[BlackElo "1973"]
[PlyCount "72"]
[EventDate "2017.02.25"]
[EventType "swiss"]
[EventRounds "9"]
[EventCountry "CZE"]
[SourceTitle "CBM 177 Extra"]
[Source "ChessBase"]
[SourceDate "2017.04.27"]
[SourceVersion "1"]
[SourceVersionDate "2017.04.27"]
[SourceQuality "1"]

1. e4 c5 2. Nf3 d6 3. d4 cxd4 4. Nxd4 Nf6 5. Nc3 a6 6. a4 e5 7. Nf5 Bxf5 8. exf5 Nc6 9. Bg5 Be7 10. Bxf6 Bxf6 11. g3 Nd4 12. Bg2 0-0 13. Qd3 Qd7 14. Nd5 Qxf5 15. Be4 Qh5 16. b4 Bd8 17. c3 f5 18. cxd4 fxe4 19. Qxe4 exd4 20. 0-0 Bf6 21. Rac1 Qe5 22. Nxf6+ Rxf6 23. Qxb7 Raf8 24. Qxa6 h5 25. Rc8 h4 26. Rxf8+ Rxf8 27. Qd3 Rc8 28. Qg6 Rc3 29. a5 d3 30. a6 d2 31. Qb1 Qd5 32. gxh4 Rc4 33. f4 Rxf4 34. Qd1 Qd4+ 35. Kg2 Qe4+ 36. Kg3 Rxf1 0-1

[Event "Liberec op 17th"]
[Site "Liberec"]
[Date "2017.03.01"]
[Round "6"]
[White "Velieva, Hurma"]
[Black "Balinski, Damian"]
[Result "1/2-1/2"]
[WhiteElo "1973"]
[BlackElo "2184"]
[PlyCount "64"]
[EventDate "2017.02.25"]
[EventType "swiss"]
[EventRounds "9"]
[EventCountry "CZE"]
[SourceTitle "CBM 177 Extra"]
[Source "ChessBase"]
[SourceDate "2017.04.27"]
[SourceVersion "1"]
[SourceVersionDate "2017.04.27"]
[SourceQuality "1"]

1. e4 d5 2. exd5 Nf6 3. Nf3 Nxd5 4. d4 Bg4 5. Be2 Nc6 6. c4 Nb6 7. d5 Bxf3 8. Bxf3 Ne5 9. b3 g6 10. Bb2 Bg7 11. Nc3 c6 12. Be2 cxd5 13. cxd5 0-0 14. 0-0 Qd6 15. a4 Rfd8 16. Ba3 Qf6 17. Rc1 Nc6 18. Re1 Bh6 19. Rc2 Nd4 20. Bxe7 Qxe7 21. Qxd4 Bg7 22. Qd2 Qb4 23. Rb1 Rac8 24. Nb5 Qxd2 25. Rxd2 a6 26. Na3 Rxd5 27. Rxd5 Nxd5 28. Bf3 Nc3 29. Re1 b5 30. Bb7 Rb8 31. Bxa6 bxa4 32. bxa4 Nxa4 1/2-1/2

[Event "Liberec op 17th"]
[Site "Liberec"]
[Date "2017.02.28"]
[Round "5"]
[White "Sabuk, Piotr"]
[Black "Velieva, Hurma"]
[Result "1-0"]
[WhiteElo "2365"]
[BlackElo "1973"]
[PlyCount "55"]
[EventDate "2017.02.25"]
[EventType "swiss"]
[EventRounds "9"]
[EventCountry "CZE"]
[SourceTitle "CBM 177 Extra"]
[Source "ChessBase"]
[SourceDate "2017.04.27"]
[SourceVersion "1"]
[SourceVersionDate "2017.04.27"]
[SourceQuality "1"]

1. d4 Nf6 2. c4 g6 3. Nc3 Bg7 4. e4 d6 5. Nf3 0-0 6. h3 e5 7. d5 Nbd7 8. Bg5 h6 9. Be3 a5 10. g4 Nc5 11. Nd2 Ne8 12. h4 Bd7 13. h5 g5 14. b3 c6 15. a3 cxd5 16. cxd5 Qc8 17. f3 Nd3+ 18. Bxd3 Qxc3 19. Ke2 Nf6 20. Qc1 Rfc8 21. Bc4 Qxc1 22. Rhxc1 Bf8 23. a4 Be7 24. Bb5 Rxc1 25. Rxc1 Bxb5+ 26. axb5 Ne8 27. Nc4 Nc7 28. Nb6 1-0

[Event "Budapest FS05 FM-A"]
[Site "Budapest"]
[Date "2014.05.11"]
[Round "9"]
[White "Bartha, Sandor"]
[Black "Velieva, Hurma"]
[Result "0-1"]
[WhiteElo "2067"]
[BlackElo "2031"]
[PlyCount "86"]
[EventDate "2014.05.03"]
[EventType "tourn"]
[EventRounds "11"]
[EventCountry "HUN"]
[SourceTitle "CBM 160 Extra"]
[Source "ChessBase"]
[SourceDate "2014.07.01"]
[SourceVersion "1"]
[SourceVersionDate "2014.07.01"]
[SourceQuality "1"]

1. d4 Nf6 2. g3 g6 3. Bg2 Bg7 4. e4 d6 5. f4 c5 6. d5 0-0 7. Ne2 e6 8. dxe6 fxe6 9. 0-0 Nc6 10. c4 a6 11. Nbc3 Qc7 12. h3 Bd7 13. a4 Rad8 14. g4 Nd4 15. Be3 Nxe2+ 16. Qxe2 Bc6 17. Bf3 Nd7 18. Rad1 Bxc3 19. bxc3 Bxa4 20. Rd2 Nb6 21. Qd3 Bb3 22. Qb1 Bxc4 23. Re1 Bb5 24. Rg2 Nc4 25. Bc1 Ne5 26. Be2 Bxe2 27. Rexe2 Nc6 28. h4 d5 29. exd5 exd5 30. h5 Qf7 31. f5 gxf5 32. Bh6 f4 33. Bxf8 f3 34. Ref2 Rxf8 35. Rg3 Ne5 36. Qc1 Qf4 37. Qxf4 Rxf4 38. g5 Rc4 39. g6 hxg6 40. hxg6 Rxc3 41. Rg5 Re3 42. g7 d4 43. Kf1 Nd3 0-1

[Event "Budapest FS05 FM-A"]
[Site "Budapest"]
[Date "2014.05.05"]
[Round "3"]
[White "Bohman, Leif"]
[Black "Velieva, Hurma"]
[Result "0-1"]
[WhiteElo "1879"]
[BlackElo "2031"]
[PlyCount "72"]
[EventDate "2014.05.03"]
[EventType "tourn"]
[EventRounds "11"]
[EventCountry "HUN"]
[SourceTitle "CBM 160 Extra"]
[Source "ChessBase"]
[SourceDate "2014.07.01"]
[SourceVersion "1"]
[SourceVersionDate "2014.07.01"]
[SourceQuality "1"]

1. d4 Nf6 2. Nf3 g6 3. Bf4 Bg7 4. e3 d6 5. h3 0-0 6. Be2 Nbd7 7. c3 c6 8. Nbd2 Qc7 9. Bh2 e5 10. dxe5 dxe5 11. 0-0 Re8 12. Qc2 Nc5 13. e4 Nh5 14. b4 Ne6 15. Rfd1 Nef4 16. Bf1 Qe7 17. Nc4 Rf8 18. g4 b5 19. Nd6 Nf6 20. a4 Rd8 21. Nxc8 Raxc8 22. Rxd8+ Rxd8 23. axb5 cxb5 24. Ra5 Rb8 25. Ne1 Ne8 26. Nd3 g5 27. Nc5 Nd6 28. Bxf4 exf4 29. f3 Nc4 30. Bxc4 bxc4 31. Qe2 Bxc3 32. Qxc4 Bxb4 33. Na6 Bxa5 34. Nxb8 Qb7 35. Nc6 Qb1+ 36. Qf1 Qb6+ 0-1

[Event "Universiad (Women) 27th"]
[Site "Kazan"]
[Date "2013.07.14"]
[Round "8"]
[White "Sgircea, Silvia Raluca"]
[Black "Velieva, Hurma"]
[Result "1-0"]
[WhiteElo "2261"]
[BlackElo "1988"]
[PlyCount "127"]
[EventDate "2013.07.09"]
[EventType "swiss"]
[EventRounds "9"]
[EventCountry "RUS"]
[SourceTitle "EXT 2014"]
[Source "ChessBase"]
[SourceDate "2013.11.20"]
[SourceVersion "1"]
[SourceVersionDate "2013.11.20"]
[SourceQuality "1"]

1. Nf3 Nf6 2. c4 e6 3. g3 d5 4. Bg2 dxc4 5. Qa4+ c6 6. Qxc4 b5 7. Qc2 Bb7 8. 0-0 c5 9. a4 a6 10. Nc3 b4 11. Nd1 Be7 12. Ne3 0-0 13. Nc4 Nbd7 14. d3 h6 15. a5 Nd5 16. Nfd2 Ra7 17. Nb3 Nc7 18. e4 Nb5 19. Be3 Qc7 20. f4 f5 21. Rac1 Raa8 22. Ncd2 Rac8 23. Qc4 Rf6 24. e5 Rg6 25. Bxb7 Qxb7 26. d4 h5 27. Nf3 Qe4 28. Kf2 h4 29. Nfd2 Qc6 30. dxc5 hxg3+ 31. hxg3 Rh6 32. Nf3 Nc7 33. Ke2 Kf7 34. Bf2 Nd5 35. Qd3 Nb8 36. Nfd4 Qd7 37. Rfd1 Rd8 38. Qf3 Qc8 39. Nxf5 Nxf4+ 40. gxf4 exf5 41. Rxd8 Bxd8 42. Qd5+ Kf8 43. Nd4 Bxa5 44. e6 Qd8 45. Qxf5+ Qf6 46. Qxf6+ Rxf6 47. Rh1 Rh6 48. Rxh6 gxh6 49. f5 Bd8 50. c6 a5 51. f6 Nxc6 52. Nxc6 Bxf6 53. b3 h5 54. Bc5+ Ke8 55. Nxa5 Be7 56. Bf2 h4 57. Nc6 Bg5 58. Kf3 h3 59. Bg3 Bh4 60. Bh2 Be7 61. Kg4 Bc5 62. Kxh3 Kf8 63. Kg4 Kg7 64. Kf5 1-0

[Event "Universiad (Women) 27th"]
[Site "Kazan"]
[Date "2013.07.09"]
[Round "1"]
[White "Velieva, Hurma"]
[Black "Nakhbayeva, Guliskhan"]
[Result "0-1"]
[WhiteElo "1988"]
[BlackElo "2354"]
[PlyCount "84"]
[EventDate "2013.07.09"]
[EventType "swiss"]
[EventRounds "9"]
[EventCountry "RUS"]
[SourceTitle "EXT 2014"]
[Source "ChessBase"]
[SourceDate "2013.11.20"]
[SourceVersion "1"]
[SourceVersionDate "2013.11.20"]
[SourceQuality "1"]

1. e4 e6 2. d4 d5 3. exd5 exd5 4. Bd3 Bd6 5. Ne2 Qf6 6. c3 Ne7 7. 0-0 Nbc6 8. Qc2 Bg4 9. a4 h6 10. Ng3 0-0 11. f3 Bd7 12. f4 Na5 13. Qf2 Nb3 14. Nh5 Qe6 15. h3 f5 16. Ra2 c5 17. Be3 Rac8 18. Nd2 cxd4 19. Bxd4 Nxd4 20. cxd4 Nc6 21. Bb1 Qf7 22. Ng3 Nxd4 23. Nf3 Nxf3+ 24. Qxf3 Rc4 25. Ne2 Rxa4 26. Rxa4 Bxa4 27. Nc3 Bc5+ 28. Kh1 Bb3 29. Re1 d4 30. Ne2 Bd5 31. Qd3 Re8 32. Rc1 Re3 33. Qxf5 Qxf5 34. Bxf5 Rxe2 35. Rxc5 Bxg2+ 36. Kg1 Bc6 37. b4 Rg2+ 38. Kf1 Rb2 39. Bg6 Rxb4 40. Re5 d3 41. f5 d2 42. Ke2 Rd4 0-1

[Event "Osh zt 3.4 (Women)"]
[Site "Osh"]
[Date "2013.06.13"]
[Round "7"]
[White "Velieva, Hurma"]
[Black "Nasriddinzoda, Marvorii"]
[Result "1-0"]
[WhiteElo "1995"]
[BlackElo "2017"]
[PlyCount "59"]
[EventDate "2013.06.07"]
[EventType "swiss"]
[EventRounds "9"]
[EventCountry "KGZ"]
[SourceTitle "CBM 154 Extra"]
[Source "ChessBase"]
[SourceDate "2013.06.25"]
[SourceVersion "2"]
[SourceVersionDate "2013.06.25"]
[SourceQuality "1"]

1. e4 d6 2. d4 Nf6 3. Nc3 e5 4. Nf3 Nbd7 5. Bc4 Be7 6. 0-0 0-0 7. Qe2 exd4 8. Nxd4 Ne5 9. Bb3 c5 10. Nf3 Bg4 11. Bf4 Bxf3 12. gxf3 Nc6 13. Be3 Qd7 14. Kh1 Kh8 15. Rg1 a6 16. Rad1 Qe8 17. a4 Rc8 18. f4 g6 19. f3 Nh5 20. f5 gxf5 21. exf5 Rg8 22. Rxg8+ Qxg8 23. Rg1 Qe8 24. Ne4 Nd4 25. Bxd4+ cxd4 26. Qd2 Bf8 27. Qg5 Ng7 28. f6 Qe5 29. fxg7+ Bxg7 30. Nxd6 1-0

[Event "Chigorin Memorial 20th"]
[Site "St Petersburg"]
[Date "2012.11.04"]
[Round "9"]
[White "Velieva, Hurma"]
[Black "Ivanov, Rostislav"]
[Result "1-0"]
[WhiteElo "1966"]
[BlackElo "2146"]
[PlyCount "71"]
[EventDate "2012.10.27"]
[EventType "swiss"]
[EventRounds "9"]
[EventCountry "RUS"]
[SourceTitle "EXT 2013"]
[Source "ChessBase"]
[SourceDate "2012.11.22"]
[SourceVersion "1"]
[SourceVersionDate "2012.11.22"]
[SourceQuality "1"]

1. e4 c5 2. Nf3 d6 3. d4 cxd4 4. Nxd4 Nf6 5. Nc3 a6 6. Be2 e5 7. Nb3 Be7 8. 0-0 Nbd7 9. Be3 0-0 10. a4 b6 11. f3 Qc7 12. Qe1 Bb7 13. Rd1 Bc6 14. Qf2 Rfb8 15. Bd3 h6 16. Qe2 Bb7 17. Nd2 d5 18. exd5 Nxd5 19. Nxd5 Bxd5 20. Ne4 Bb7 21. Ng3 Nc5 22. Nf5 Bf8 23. Qf2 Nxd3 24. Rxd3 Bc8 25. Ng3 Be6 26. Rfd1 b5 27. axb5 axb5 28. f4 Rb7 29. fxe5 Qxe5 30. Bd4 Qc7 31. Nh5 Bg4 32. Nf6+ gxf6 33. Qxf6 Kh7 34. Rf1 Qd6 35. Qh8+ Kg6 36. Rf6+ 1-0

[Event "Chigorin Memorial 20th"]
[Site "St Petersburg"]
[Date "2012.10.30"]
[Round "4"]
[White "Shaydullina, Sandugach"]
[Black "Velieva, Hurma"]
[Result "1-0"]
[WhiteElo "2162"]
[BlackElo "1966"]
[PlyCount "51"]
[EventDate "2012.10.27"]
[EventType "swiss"]
[EventRounds "9"]
[EventCountry "RUS"]
[SourceTitle "EXT 2013"]
[Source "ChessBase"]
[SourceDate "2012.11.22"]
[SourceVersion "1"]
[SourceVersionDate "2012.11.22"]
[SourceQuality "1"]

1. d4 Nf6 2. c4 e6 3. Nc3 Bb4 4. Qc2 c5 5. dxc5 Qa5 6. Bd2 Qxc5 7. e3 d5 8. a3 Bxc3 9. Bxc3 Nbd7 10. Nf3 Qc7 11. 0-0-0 0-0 12. g4 dxc4 13. Ng5 h6 14. h4 Rd8 15. Rxd7 Qxd7 16. Bxf6 gxf6 17. Nh7 Kg7 18. g5 f5 19. Nf6 Qc6 20. Rg1 Rh8 21. Qc3 Kf8 22. Qb4+ Kg7 23. Qe7 h5 24. g6 Bd7 25. Qxf7+ Kh6 26. g7 1-0

[Event "Chigorin Memorial 20th"]
[Site "St Petersburg"]
[Date "2012.10.28"]
[Round "2"]
[White "Kiselev, Pavel"]
[Black "Velieva, Hurma"]
[Result "1/2-1/2"]
[WhiteElo "2188"]
[BlackElo "1966"]
[PlyCount "170"]
[EventDate "2012.10.27"]
[EventType "swiss"]
[EventRounds "9"]
[EventCountry "RUS"]
[SourceTitle "EXT 2013"]
[Source "ChessBase"]
[SourceDate "2012.11.22"]
[SourceVersion "1"]
[SourceVersionDate "2012.11.22"]
[SourceQuality "1"]

1. e4 c5 2. Nf3 d6 3. d4 cxd4 4. Nxd4 Nf6 5. Nc3 a6 6. Be3 e6 7. Qd2 Be7 8. f3 Qc7 9. 0-0-0 Nbd7 10. g4 Ne5 11. g5 Nfd7 12. h4 b5 13. f4 Nc4 14. Bxc4 Qxc4 15. b3 Qc7 16. Rhe1 Bb7 17. Bg1 Rc8 18. Nd5 exd5 19. exd5 Kd8 20. Nf5 Bf8 21. Qe2 Qa5 22. Kb1 Kc7 23. Qf2 g6 24. Ne7 Bg7 25. c3 Rce8 26. b4 Qa3 27. Re3 Nb6 28. c4 Qb2+ 29. Qxb2 Bxb2 30. c5 Nc4 31. Re2 Bc3 32. f5 gxf5 33. cxd6+ Kxd6 34. Bc5+ Kd7 35. Kc2 Be5 36. Nxf5 Bd6 37. Rf2 Rhf8 38. a4 Re5 39. Nxd6 Nxd6 40. Rf6 Ne4 41. Bxf8 Nxf6 42. gxf6 Bxd5 43. axb5 axb5 44. Kc3 Ke6 45. Kd4 Bc4 46. Ra1 Rd5+ 47. Ke4 Rh5 48. Ra6+ Kd7 49. Ra7+ Kc6 50. Bc5 Rxh4+ 51. Ke5 Rh5+ 52. Kf4 Be6 53. Ke4 Bf5+ 54. Kd4 Be6 55. Ra6+ Kd7 56. Rd6+ Ke8 57. Rb6 Bc4 58. Rb7 Kd8 59. Ra7 Rf5 60. Ke4 Rf1 61. Be7+ Kc8 62. Ke5 Rd1 63. Bc5 Re1+ 64. Kf5 Re2 65. Bd6 Rg2 66. Bf4 Rg1 67. Be3 Rg2 68. Ke5 Re2 69. Kd4 h5 70. Re7 Ra2 71. Kc5 Ra6 72. Bd4 h4 73. Be5 h3 74. Re8+ Kd7 75. Re7+ Kc8 76. Bd6 Kd8 77. Rb7 Kc8 78. Rc7+ Kd8 79. Rb7 Kc8 80. Rc7+ Kd8 81. Re7 Kc8 82. Be5 Kd8 83. Bd6 Kc8 84. Re3 Kd7 85. Re7+ Kc8 1/2-1/2